Score 0/23 Timer 04:00
4 Plays Today
Hint Word % Correct
Chess piecePAWN
97%
Small cityTOWN
96.6%
SunriseDAWN
96.3%
RippedTORN
95.4%
Golf standsTEES
93.1%
Beach surfaceSAND
92.8%
Between 12 and 20TEEN
92.7%
Between units and hundredsTENS
91.9%
Period preceding EasterLENT
91.9%
''I've got this terrible [rung 1] in all the diodes ____ my [rung 14][rung 19][rung23]''★ DOWN ★
90%
Small seabirdTERN
89.7%
Foxes' homesDENS
89.5%
Hint Word % Correct
Hitchhiker's Guide protagonist Arthur ____DENT
84.9%
Trigonometric functionSINE
78.9%
''I've got this terrible ____ in all the diodes [rung 4] my [rung 14][rung 19][rung23]''★ PAIN ★
78%
Hitchhiker's Guide character 'Wonko the ____'SANE
74.7%
''I've got this terrible [rung 1] in all the diodes [rung 4] my [rung 14] ____ [rung23]''★ HAND ★
69.6%
''I've got this terrible [rung 1] in all the diodes [rung 4] my ____ [rung 19][rung23]''★ LEFT ★
62.8%
Australian Open court surfaceHARD
62.8%
To lift something heavyHEFT
60.1%
US TV series ____ to ____HART
57.6%
''I've got this terrible [rung 1] in all the diodes [rung 4] my [rung 14][rung 19] ____''★ SIDE ★
52.1%
Sword handleHAFT
51.5%

Today's Daily Dose

Missing Word
I Hardly Know Her!

Word Ladder
Sentence Ending

Quick Pick
Female Firsts

Get the Picture
Triathlon Sports

Remove Ads.
Support Sporcle.
Get the best of Sporcle when you Go Orange. This ad-free experience offers more features, more stats, and more fun while also helping to support Sporcle. Thank you for becoming a member.

You're not logged in!

Compare scores with friends on all Sporcle quizzes.
OR
Log In

Show Comments

Extras

Top Quizzes Today


Score Distribution

Your Account Isn't Verified!

In order to create a playlist on Sporcle, you need to verify the email address you used during registration. Go to your Sporcle Settings to finish the process.

Report this User

Report this user for behavior that violates our Community Guidelines.

Details: